000
00331 a2200157 4500
001
69280
020
_a
040
_c
Anchieta - Itaigara
100
_a
Gouveia, Luis Augusto
240
1
0
_a
Fazendo arte
_l
por
245
1
0
_a
Fazendo arte
300
_a
111
362
0
_a
2003
650
4
_a
Literatura infanto-juvenil
942
_c
BK
999
_c
69280
_d
69280